00663 2200193 4500001002100000005001700021008004100038035002400079082001100103090002000114100002500134245010900159260006800268300004400336500001600380504002900396650002600425990001800451YOGYA-0113000000029720130107105916.0 ind  0010-011300000000297 a338.63 aSk 338.63 Agu P aAGUSTIN HERNI ASTUTI aPermintaan kedelai industri rumah tangga tahu dan tempe di Kecamatan Sayegan tuti/cAgustin Herni Astuti aYogyakarta :bFakultas Pertanian Universitas Gadjah Mada,c1999 aviii,60(16)lbr. :bilus.,lamp. ;c29 cm aSkripsi UGM aBibliografi :(lbr.61-62) aIndustri rumah tangga a42747-PD/A.12